<?xml version="1.0" encoding="UTF-8"?><?xml-stylesheet type="text/xsl" href="static/style.xsl"?><OAI-PMH xmlns="http://www.openarchives.org/OAI/2.0/" xmlns:xsi="http://www.w3.org/2001/XMLSchema-instance" xsi:schemaLocation="http://www.openarchives.org/OAI/2.0/ http://www.openarchives.org/OAI/2.0/OAI-PMH.xsd"><responseDate>2026-04-14T07:42:48Z</responseDate><request verb="GetRecord" identifier="oai:www.recercat.cat:20.500.12327/1444" metadataPrefix="marc">https://recercat.cat/oai/request</request><GetRecord><record><header><identifier>oai:recercat.cat:20.500.12327/1444</identifier><datestamp>2025-10-22T11:12:15Z</datestamp><setSpec>com_2072_4428</setSpec><setSpec>com_2072_4427</setSpec><setSpec>col_2072_487898</setSpec></header><metadata><record xmlns="http://www.loc.gov/MARC21/slim" xmlns:dcterms="http://purl.org/dc/terms/" xmlns:xsi="http://www.w3.org/2001/XMLSchema-instance" xmlns:doc="http://www.lyncode.com/xoai" xsi:schemaLocation="http://www.loc.gov/MARC21/slim http://www.loc.gov/standards/marcxml/schema/MARC21slim.xsd">
   <leader>00925njm 22002777a 4500</leader>
   <datafield ind2=" " ind1=" " tag="042">
      <subfield code="a">dc</subfield>
   </datafield>
   <datafield ind2=" " ind1=" " tag="720">
      <subfield code="a">Sibila, Marina</subfield>
      <subfield code="e">author</subfield>
   </datafield>
   <datafield ind2=" " ind1=" " tag="720">
      <subfield code="a">Rocco, Caterina</subfield>
      <subfield code="e">author</subfield>
   </datafield>
   <datafield ind2=" " ind1=" " tag="720">
      <subfield code="a">Franzo, Giovanni</subfield>
      <subfield code="e">author</subfield>
   </datafield>
   <datafield ind2=" " ind1=" " tag="720">
      <subfield code="a">Huerta, Eva</subfield>
      <subfield code="e">author</subfield>
   </datafield>
   <datafield ind2=" " ind1=" " tag="720">
      <subfield code="a">Domingo, Mariano</subfield>
      <subfield code="e">author</subfield>
   </datafield>
   <datafield ind2=" " ind1=" " tag="720">
      <subfield code="a">Núñez, José Ignacio</subfield>
      <subfield code="e">author</subfield>
   </datafield>
   <datafield ind2=" " ind1=" " tag="720">
      <subfield code="a">Segalés, Joaquim</subfield>
      <subfield code="e">author</subfield>
   </datafield>
   <datafield ind2=" " ind1=" " tag="260">
      <subfield code="c">2021-08-12</subfield>
   </datafield>
   <datafield ind2=" " ind1=" " tag="520">
      <subfield code="a">Vaccination against porcine circovirus 2 (PCV-2) is a common practice all over the world. Vaccines can prevent PCV-2-systemic disease (PCV-2-SD) outbreaks but not PCV-2 infection, which can be detectable in a percentage of vaccinated animals. Occasionally, PCV-2-SD is diagnosed in vaccinated farms. The objective of this study was to genotype the PCV-2 strains detected in vaccinated animals diagnosed with PCV-2-SD. Additionally, the evolution of the frequency of PCV-2 genotype detection at Spanish, European, and world levels was assessed. Fifty cases diagnosed as PCV-2-SD between 2009 and 2020 were included in this study. PCV-2 genotype was determined by sequencing the Cap gene region. Among them, only PCV-2b (23/50, 46%) and PCV-2d (27/50, 54%) genotypes were detected. Although the frequency of detection of these two genotypes was similar, their temporal distribution was different. Whereas most PCV-2b sequences (17/23, 74%) were detected between 2009 and 2012, PCV-2d sequences were obtained from 2013 to 2020. Indeed, a predominance of the PCV-2d genotype was observed from 2013 onwards, a trend also noticed at European and world levels. The results suggest that detection of particular genotypes in vaccinated animals probably reflects the general prevalence of the genotypes over time rather than genotype-specific vaccine-immunity escaping.</subfield>
   </datafield>
   <datafield ind1="8" ind2=" " tag="024">
      <subfield code="a">Sibila, Marina, Caterina Rocco, Giovanni Franzo, Eva Huerta, Mariano Domingo, José Ignacio Núñez, and Joaquim Segalés. 2021. "Genotyping Of Porcine Circovirus 2 (PCV-2) In Vaccinated Pigs Suffering From PCV-2-Systemic Disease Between 2009 And 2020 In Spain". Pathogens 10 (8): 1016. doi:10.3390/pathogens10081016.</subfield>
   </datafield>
   <datafield ind1="8" ind2=" " tag="024">
      <subfield code="a">2076-0817</subfield>
   </datafield>
   <datafield ind1="8" ind2=" " tag="024">
      <subfield code="a">http://hdl.handle.net/20.500.12327/1444</subfield>
   </datafield>
   <datafield ind1="8" ind2=" " tag="024">
      <subfield code="a">https://doi.org/10.3390/pathogens10081016</subfield>
   </datafield>
   <datafield ind2="0" ind1="0" tag="245">
      <subfield code="a">Genotyping of Porcine Circovirus 2 (PCV-2) in Vaccinated Pigs Suffering from PCV-2-Systemic Disease between 2009 and 2020 in Spain</subfield>
   </datafield>
</record></metadata></record></GetRecord></OAI-PMH>